Statistics for GAA All Ireland Football Winning Team 2005

Click here to take the quiz!

General Stats

  • This quiz has been taken 63 times
  • The average score is 11 of 18

Answer Stats

PositionPlayer% Correct
ManagerM. Harte
91%
RFFP. Canavan
91%
MFS. Cavanagh
91%
LFFO. Mulligan
89%
RHFB. Dooher
88%
CFFS. O'Neill
88%
RHBD. Harte
84%
RFBR. McMenamin
73%
CHBC. Gormley
64%
LHBP. Jordan
64%
GKP. McConnell
63%
CHFB. McGuigan
59%
CFBJ. McMahon
55%
MFE. McGinley
46%
SUBC. Holmes
30%
LHFR. Mellon
25%
SUBC. Lawn
20%
LFBM. McGee
9%

Score Distribution

Percentile by Number Answered

Percent of People with Each Score

Your Score History

You have not taken this quiz